000 02494nam0a2200373 4500
001 RU\NLR\BIBL_A\011322349
005 20250117162304.0
010 _a978-5-8087-0375-9
_950
021 _aRU
_b2017-263
_919
035 _a(NLR Aleph) 011322349
090 _a11086043
_c11086043
100 _a20170207d2016 k y0rusy50 ca
101 0 _arus
102 _aRU
105 _aa|||z|||100zy
200 1 _aПрактические формы работы в подростковой и юношеской среде по профилактике наркомании и формированию мотивации к здоровому образу жизни
_eматериалы областной научно-практической конференции (25 ноября 2016 г.)
_f[редкол.: Воронина А.А. и др.]
210 _aАстрахань
_cГАОУ АО ДПО "АИПКП"
_d2016
215 _a62 с.
_cил.
_d21
225 1 _aВыбери жизнь!
300 _aВ надзаг.: М-во культуры и туризма Астрах. обл., Гос. бюджет. проф. образоват. учреждение Астрах. обл. "Астрах. колледж культуры и искусств"
606 1 _aНаркомания учащихся
_xПрофилактика
_jСъезды, совещания и т.п
_2nlr_sh2
_3RU\NLR\AUTH\661354251
606 1 _aУчащиеся
_xВоспитание здорового образа жизни
_jСъезды, совещания и т.п
_2nlr_sh2
_3RU\NLR\AUTH\661454645
606 1 _aМолодежь
_xЗдоровый образ жизни
_xФормирование
_jСъезды, совещания и т.п
_2nlr_sh2
_3RU\NLR\AUTH\6601566004
686 1 _aЧ313.54я431
686 1 _aР120.482я431(2)
686 1 _aР124.61я431(2)
702 1 _aВоронина
_bА. А.
_gАнна Александровна
_4340
711 1 2 _a"Практические формы работы в подростковой и юношеской среде по профилактике наркомании и формированию мотивации к здоровому образу жизни", областная научно-практическая конференция
_f2016
_eАстрахань
_3RU\NLR\AUTH\880442274
942 _cBOOK
980 _aNBR
980 _aNB